000 00285nam a2200109Ia 4500
008 171211s9999 xx 000 0 und d
245 _aNinja Mind Control
245 _cAshida Kim
260 _c2000
650 _xMartial Arts
856 _uhttp://down.ebook777.com/056/9780806509976.pdf
999 _c348221
_d348221